Dalajlámov učiteľ oslavovaný rakúsky horolezec Heinrich Harrer desiatky rokov tajil svoju nacistickú minulosť

Bibliographic Details
Main Author: Hudák, Vladimír (Author)
Format: Article
Language:Slovak
PhysicalDescription:Fotogr.
ISSN:1210-4040
Subjects:
Online Access:http://www.pluska.sk/plus-7-dni/zo-zahranicia/rakusky-horolezec-heinrich-harrer-dalajlamov-ucitel.html

MARC

LEADER 00000nab a2200000 a 4500
001 vtls010348131
003 SK-MaSNL
005 20260303093347.0
008 120319c2012 xo wrzp 0 0slo
015 |a SNBRB2012/03  |2 rvgkpd 
038 |a RVGKPD 
040 |a RVGKPD  |b slo  |c RVGKPD  |e AACR2 
041 0 |a slo 
044 |a xo  |c SK 
080 |a 796.524  |x (436)  |2 1997 
100 1 |a Hudák, Vladimír  |4 aut  |9 476652 
245 1 0 |a Dalajlámov učiteľ  |b oslavovaný rakúsky horolezec Heinrich Harrer desiatky rokov tajil svoju nacistickú minulosť  |c Vladimír Hudák 
300 |b Fotogr. 
600 1 7 |a Harrer, Heinrich,  |d 1912-2006  |2 rvgkpd  |9 238597 
650 0 7 |a horolezci  |2 rvgkpd  |9 3285 
773 0 |t Plus 7 dní  |g Roč. XXII, č. 6 (2012), s. 46-48  |x 1210-4040 
852 |a RVGKPD  |b KIS3G 
856 4 1 |u http://www.pluska.sk/plus-7-dni/zo-zahranicia/rakusky-horolezec-heinrich-harrer-dalajlamov-ucitel.html 
958 |a BC 
958 |a AT 
992 |a RBX 
999 |c 1815262  |d 1817192